Geography Quiz

Random Geography or City Quiz

Which U. S. City? Quiz Stats

 Plays Quiz not verified by Sporcle

Challenge
Share
Tweet
Image result for houston
Score 0/25 Timer 10:00
0 Plays Today
% Correct
Las Vegas
96.8%
Seattle
96.8%
Oklahoma City
95.2%
Denver
95.2%
Salt Lake City
95.2%
San Diego
93.5%
Chicago
93.5%
Nashville
93.5%
Detroit
93.5%
Portland
93.5%
Orlando
93.5%
El Paso
91.9%
Miami
91.9%
% Correct
New York
91.9%
Kansas City
91.9%
Philadelphia
91.9%
Albuquerque
91.9%
Houston
90.3%
Indianapolis
90.3%
Charlotte
88.7%
Green Bay
87.1%
Billings
83.9%
Wichita
83.9%
Tucson
80.6%
Rochester
77.4%

You're not logged in!

Compare scores with friends on all Sporcle quizzes.
Join for Free
OR
Log In

You Might Also Like...

Show Comments

Extras

Created May 27, 2017ReportNominate
Tags:City Quiz, highlighted

Top Quizzes Today


Score Distribution

Your Account Isn't Verified!

In order to create a playlist on Sporcle, you need to verify the email address you used during registration. Go to your Sporcle Settings to finish the process.

Report this User

Report this user for behavior that violates our Community Guidelines.

Details: